00660nam a2200241 a 4500001001300000003000900013005001700022008004100039020000800080082001300088100002000101245002800121260003700149300000800186500003500194505001000229650002000239700002000259902000800279942000700287952010900294999001500403nice12345678IN_TiNIC20260116012034.0050524s1965 lona grp 000 0 eng  ac000a260bFUR aFurlong, Monica aWith Love to the Church aLondonbHodder & Stoughtonc1965 a95p aincludes index and biblioraphy2 aIndex aTheology-Social1 aFurlong, Monica bSRS cBK 001040708StackRoom-aHMIbHMId2005-05-24g0.00l0o260 FURp05478r2005-05-24v0.00w2005-05-24yBK c5384d5384